Khagasiri: Karnatakadalli kandubaruva kelavu Pakshijatigalu (Record no. 93768)
[ view plain ]
| 000 -LEADER | |
|---|---|
| fixed length control field | 02832nam a2200217Ia 4500 |
| 003 - CONTROL NUMBER IDENTIFIER | |
| control field | OSt |
| 005 - DATE AND TIME OF LATEST TRANSACTION | |
| control field | 20260428144055.0 |
| 008 - FIXED-LENGTH DATA ELEMENTS--GENERAL INFORMATION | |
| fixed length control field | 210210b1990 xxu||||| |||| 00| 0 eng d |
| 040 ## - CATALOGING SOURCE | |
| Transcribing agency | AL |
| 041 ## - LANGUAGE CODE | |
| Language code of text/sound track or separate title | Kannada |
| 082 ## - DEWEY DECIMAL CLASSIFICATION NUMBER | |
| Classification number | 598K AJJK |
| 100 ## - MAIN ENTRY--PERSONAL NAME | |
| Personal name | AJJAMPURA KRASHNASVAMI |
| Dates associated with a name | ಅಜ್ಜಂಪುರ ಕೃಷ್ಣಸ್ವಾಮಿ |
| 9 (RLIN) | 263065 |
| 245 ## - TITLE STATEMENT | |
| Title | Khagasiri: Karnatakadalli kandubaruva kelavu Pakshijatigalu |
| Remainder of title | ಖಗಸಿರಿ: ಕರ್ನಾಟಕದಲ್ಲಿ ಕಂಡುಬರುವ ಕೆಲವು ಪಕ್ಷಿಜಾತಿಗಳು |
| 260 ## - PUBLICATION, DISTRIBUTION, ETC. | |
| Place of publication, distribution, etc. | Bengaluru |
| Name of publisher, distributor, etc. | Swarnamba publication |
| Date of publication, distribution, etc. | 1990 |
| 300 ## - PHYSICAL DESCRIPTION | |
| Extent | xxviii,138p |
| 520 ## - SUMMARY, ETC. | |
| Summary, etc. | ಅಪಾರ ಜೀವರಾಶಿಯಲ್ಲಿ ಪಕ್ಷಿಗಳದ್ದೇ ಒಂದು ವೈಶಿಷ್ಟ್ಯ. ಅವುಗಳ ವಾಯುಗಮನದ ಪರಿಪೂರ್ಣತೆ, ಮನತಣಿಸುವ ವರ್ಣವಿನ್ಯಾಸ, ಗರಿಗೆದರುವ ವೈಖರಿ, ಗಾನಸುಧೆ, ಉಲ್ಲಾಸಭರಿತ ದಿನಚರಿ, ಆಹಾರ ದೊರಕಿಸಿಕೊಳ್ಳುವ ಸಾಧನೆ, ಗೂಡುಕಟ್ಟುವ ನಿಪುಣತೆ, ಮರಿಪಾಲನೆಯ ಹೊಣೆ, ಆಗಮನ-ನಿರ್ಗಮನ ಇವೆಲ್ಲ ವಿಸ್ಮಯಭರಿತವಾಗಿದ್ದು, ಪಕ್ಷಿ ವೀಕ್ಷಣೆ ಇಂದು ಆಸಕ್ತಿದಾಯಕ ಹವ್ಯಾಸವಾಗಿದೆ.<br/>ಈ ದಿಸೆಯಲ್ಲಿ ಕನ್ನಡ ಬಂಧುಗಳಿಗೆ ಕರ್ನಾಟಕದಲ್ಲಿ ಕಂಡು ಬರುವ ಜಲಪಕ್ಷಿಗಳು, ನೀರ್ನಡಿಗೆಯ ಪಕ್ಷಿಗಳು, ಗಗನ ವಿಹಾರಿಗಳು, ಇತ್ಯಾದಿಗಳಲ್ಲಿ ಕೆಲವಾರು ಪಕ್ಷಿಗಳ ಪರಿಚಯವನ್ನು ಸೂಕ್ತ ವರ್ಣಚಿತ್ರಗಳ ಮುಖೇನ ಮಾಡಿಕೊಡಲಾಗಿದೆ. ಪಕ್ಷಿ ಜೀವನದ ಕುತೂಹಲಕಾರಿ ವಿಶೇಷತೆಗಳನ್ನು ಹಾಗೂ ಅವುಗಳು ಬದುಕಿ ಬಾಳಲು ರೂಢಿಸಿಕೊಂಡ ಅನೇಕ ಸಾಧನೆಗಳನ್ನು ಪ್ರಬಂಧ, ಅನುಬಂಧಗಳಲ್ಲಿ ಪ್ರಸ್ತಾಪ ಮಾಡಲಾಗಿದೆ.<br/>ಕನ್ನಡದಲ್ಲಿ ಹೆಸರು ಕಾಣದ ಕೆಲವು ಪಕ್ಷಿಗಳು ಹೊಸ ಹೆಸರು ತಳೆದು ಕನ್ನಡಿಗರ ಮನದಲ್ಲಿ ಮೂಡುವಂತೆ ಮಾಡಲಾಗಿದೆ.<br/> |
| 650 ## - SUBJECT ADDED ENTRY--TOPICAL TERM | |
| Topical term or geographic name entry element | ಕರ್ನಾಟಕದ ವಿವಿಧ ಪ್ರದೇಶಗಳಲ್ಲಿ ಕಂಡುಬರುವ ವಿಶಿಷ್ಟ ಮತ್ತು ಸಾಮಾನ್ಯ ಪಕ್ಷಿ ಪ್ರಭೇದಗಳ ಪರಿಚಯ |
| 9 (RLIN) | 263066 |
| 690 ## - LOCAL SUBJECT ADDED ENTRY--TOPICAL TERM (OCLC, RLIN) | |
| Topical term or geographic name as entry element | Birds |
| 9 (RLIN) | 263067 |
| 906 ## - LOCAL DATA ELEMENT F, LDF (RLIN) | |
| a | 044106 |
| 942 ## - ADDED ENTRY ELEMENTS (KOHA) | |
| Source of classification or shelving scheme | Dewey Decimal Classification |
| Koha item type | Book |
| Withdrawn status | Lost status | Source of classification or shelving scheme | Damaged status | Not for loan | Collection code | Home library | Current library | Shelving location | Date acquired | Source of acquisition | Cost, normal purchase price | Total Checkouts | Full call number | Barcode | Date last seen | Price effective from | Koha item type |
|---|---|---|---|---|---|---|---|---|---|---|---|---|---|---|---|---|---|
| Dewey Decimal Classification | Zoology | St Aloysius Library | St Aloysius Library | 02/17/2021 | Athree Book Centre, Mangalore-01. | 140.00 | 598K AJJK | 044106 | 02/17/2021 | 02/17/2021 | Book |